[Event "Kuwait City Wafra Gulf op 3rd"]
[Site "Kuwait City"]
[Date "2024.05.18"]
[Round "8"]
[White "Aldaihani, Turki"]
[Black "Al Ibrahim, Abdulrahman"]
[Result "0-1"]
[WhiteElo "1830"]
[BlackElo "1838"]
[PlyCount "52"]
[EventDate "2024.05.17"]
[EventType "swiss"]
[EventRounds "9"]
[EventCountry "KUW"]
[SourceTitle "CB21_2024"]
[SourceDate "2024.05.22"]
[SourceVersion "1"]
[SourceVersionDate "2024.05.22"]
[SourceQuality "1"]

1. Nf3 d5 2. b3 e6 3. Bb2 Nf6 4. e3 Bd6 5. c4 0-0 6. Nc3 c5 7. Be2 Nc6 8. d4 a6 9. 0-0 dxc4 10. bxc4 cxd4 11. Nxd4 e5 12. Nxc6 bxc6 13. Bf3 Qc7 14. Qe2 Re8 15. e4 Nd7 16. Rfd1 Nc5 17. Qe3 Ne6 18. Na4 Rb8 19. Rab1 Rb4 20. Ba3 Rxb1 21. Rxb1 Bxa3 22. Qxa3 Nd4 23. c5 Be6 24. Nb6 Qe7 25. Rc1 Qg5 26. Qe3 Nxf3+ 0-1